000 01173 a2200313 4500
001 0000
003 0000
005 20251011185026.0
008 980921s1998 enk 000 0 eng
010 _a 98199745
020 _a9783031666407
020 _a9783031666407
040 _aDLC
_cDLC
_dDLC
_erda
050 0 0 _aJZ 5538 .K56
100 _aKim, Dong Jin
245 0 0 _aPeace and Conflict in a Changing World /
_cDong Jim Kim, David Mitchell, Gillian Wylie
_bKey issues in peace studies
260 _aSwitzerland
_bPalgrave Macmillan
_c2024
264 _aSwitzerland
_bPalgrave Macmillan
_c2024
300 _ax, 224p.
336 _atext
_btxt
_2rdacontent
337 _aunmediated
_bn
_2rdamedia
338 _avolume
_bnc
_2rdacarrier
504 _aIncludes Index
650 _2
_x
856 4 2 _3Contributor biographical information
_uhttp://www.loc.gov/catdir/enhancements/fy1117/98199745-b.html
856 4 2 _3Publisher description
_uhttp://www.loc.gov/catdir/enhancements/fy1117/98199745-d.html
856 4 1 _3Table of contents only
_uhttp://www.loc.gov/catdir/enhancements/fy1117/98199745-t.html
942 _2lcc
_cBK
999 _c43727
_d43727